000 00348nam a22001217a 4500
008 180423b xxu||||| |||| 00| 0 eng d
041 _aeng
080 _a043.3
100 _a0
101 _aMEK-MA
245 _aTransporti hidraulik i hirit një qasje e avancuar e përformancës teknike të TC Kosova "A" dhe mjedisit
_cIslami,A
942 _2udc
_cBK
999 _c45426
_d45426